000 00573nam a22001697a 4500
003 BD-DhUL
005 20160818153832.0
008 160818b xxu||||| |||| 00| 0 eng d
040 _cBD-DhUL
082 _a305.4095492
_bNAN
100 _aনাসরিন, তসলিমা
245 _aনির্বাচিত কলাম /
_cনাসরিন, তসলিমা
260 _aঢাকা :
_bজ্ঞানকোষ,
_c১৯৯৩.
300 _a১৫৩ পৃ. ;
_c২২ সেমি.
650 _vরাজনীতি
_vPolitics
942 _2ddc
_cBK
999 _c99451
_d99451